| 000 | 00399nam a2200145Ia 4500 | ||
|---|---|---|---|
| 008 | 231129s2002||||xx |||||||||||||| ||spa|| | ||
| 020 | _a958-30-0931-8 | ||
| 040 | _bspa | ||
| 082 | _aPe863 Q5z | ||
| 100 | _aQuesada Vargas Víctor Miró | ||
| 245 | 0 | _aZuli por la Serpentina de la inocencia | |
| 260 | _c2002 | ||
| 264 | _aPanamericana | ||
| 942 |
_2ddc _cBKS |
||
| 999 |
_c26553 _d26553 |
||